000 00413nam a2200133 4500
082 _a624.1760212YOU
100 _aYoung, Warren C.
245 _aRoark's Formulas for Stress and Strain
250 _a6th ed.
260 _aNew York:
_bMcGraw-Hill,
_c1989.
300 _a763p. ;
856 _uhttp://books.google.com.pk/books/about/Roark_s_Formulas_for_Stress_and_Strain.html?id=pummClLoFXEC&redir_esc=y
942 _cBK
999 _c7310
_d7310